[Event "Titled Tuesday intern op 28th Dec"]
[Site "Chess.com INT"]
[Date "2021.12.28"]
[Round "5"]
[White "Navalgund, Niranjan"]
[Black "Nesterov, Arseniy"]
[Result "1-0"]
[WhiteElo "2289"]
[BlackElo "2523"]
[PlyCount "65"]
[EventDate "2021.12.28"]
[EventType "swiss (blitz)"]
[EventRounds "11"]
[EventCountry "USA"]
[SourceTitle "CBM 206 Extra"]
[Source "ChessBase"]
[SourceDate "2022.03.31"]
[SourceVersion "1"]
[SourceVersionDate "2022.03.31"]
[SourceQuality "1"]

1. e4 e5 2. Nf3 Nc6 3. Nc3 Nf6 4. d4 exd4 5. Nxd4 Nxe4 6. Nxe4 Qe7 7. Be2 Qxe4 8. Nxc6 dxc6 9. O-O Be6 10. Bf3 Qg6 11. Bf4 Bd6 12. Bxd6 O-O-O 13. Qd4 cxd6 14. Qxa7 Qg5 15. b4 Kc7 16. b5 Qxb5 17. Rab1 Qa6 18. Qd4 g6 19. Rb2 Rhe8 20. Rfb1 Rb8 21. Rb6 Qa5 22. h3 Bxa2 23. R1b2 Re1+ 24. Kh2 Bd5 25. R6b5 cxb5 26. Qxd5 Re7 27. Rxb5 Qa6 28. c4 Qa7 29. c5 Rd7 30. cxd6+ Kd8 31. Qg5+ Ke8 32. Qf6 Rdd8 33. Qe7# 1-0

[Event "Titled Tuesday intern op 28th Dec"]
[Site "Chess.com INT"]
[Date "2021.12.28"]
[Round "5"]
[White "Nguyen, Hong Nhung"]
[Black "Al Hosani, Omran"]
[Result "1-0"]
[WhiteElo "1697"]
[BlackElo "2202"]
[PlyCount "87"]
[EventDate "2021.12.28"]
[EventType "swiss (blitz)"]
[EventRounds "11"]
[EventCountry "USA"]
[SourceTitle "CBM 206 Extra"]
[Source "ChessBase"]
[SourceDate "2022.03.31"]
[SourceVersion "1"]
[SourceVersionDate "2022.03.31"]
[SourceQuality "1"]

1. e4 c6 2. d4 d5 3. f3 e6 4. Nc3 Bb4 5. Bf4 Nf6 6. Qd3 O-O 7. O-O-O dxe4 8. fxe4 Bxc3 9. bxc3 Qa5 10. Kb1 Nbd7 11. Nf3 Nb6 12. Bd6 Rd8 13. Bb4 Qa4 14. g4 Nxg4 15. Ng5 h6 16. Qf3 Nf6 17. h4 e5 18. Bh3 exd4 19. Be7 Nc4 20. cxd4 Bxh3 21. Rxh3 Qb5+ 22. Qb3 Re8 23. Bxf6 hxg5 24. Qxb5 cxb5 25. Bxg5 Rxe4 26. Rhd3 f6 27. Bc1 Rd8 28. h5 Nd6 29. Rb3 Kf7 30. c3 Rh8 31. h6 gxh6 32. Ba3 Nc4 33. Bc1 a6 34. a4 bxa4 35. Rxb7+ Ke6 36. Rf1 Nd6 37. Rb6 h5 38. Rxa6 Rd8 39. Ba3 Rb8+ 40. Kc2 Rd8 41. Kd3 Rg4 42. Rxa4 h4 43. d5+ Kxd5 44. Rxg4 1-0

[Event "Titled Tuesday intern op 28th Dec"]
[Site "Chess.com INT"]
[Date "2021.12.28"]
[Round "5"]
[White "Novikov, Evgenij"]
[Black "Zhang, Alan"]
[Result "1/2-1/2"]
[WhiteElo "2276"]
[BlackElo "2077"]
[PlyCount "151"]
[EventDate "2021.12.28"]
[EventType "swiss (blitz)"]
[EventRounds "11"]
[EventCountry "USA"]
[SourceTitle "CBM 206 Extra"]
[Source "ChessBase"]
[SourceDate "2022.03.31"]
[SourceVersion "1"]
[SourceVersionDate "2022.03.31"]
[SourceQuality "1"]

1. e4 e5 2. Nf3 Nc6 3. Bb5 a6 4. Ba4 Nf6 5. O-O Be7 6. Re1 b5 7. Bb3 d6 8. c3 O-O 9. h3 Na5 10. Bc2 c5 11. d3 Qc7 12. Nbd2 Bd7 13. Nf1 Rfe8 14. Ne3 Bf8 15. d4 cxd4 16. cxd4 Rac8 17. Re2 exd4 18. Nxd4 Nc6 19. Ndf5 Be6 20. Bd2 g6 21. Bc3 Nd7 22. Nd4 b4 23. Nxe6 Rxe6 24. Nd5 Qd8 25. Nxb4 Nxb4 26. Qd4 Ne5 27. Qxb4 d5 28. Qd4 dxe4 29. Qxe4 Bg7 30. Rae1 Nc4 31. Qf3 Rxe2 32. Rxe2 Nxb2 33. Bxg7 Kxg7 34. Bb3 Nc4 35. Qc3+ Qf6 36. Rc2 Qxc3 37. Rxc3 Nd6 38. Rd3 Ne4 39. g3 Rc1+ 40. Kg2 Nc5 41. Rd6 Nxb3 42. axb3 Ra1 43. b4 Ra4 44. Rb6 h6 45. g4 Kh7 46. Rb7 Kg7 47. Kg3 h5 48. g5 a5 49. b5 Rb4 50. h4 a4 51. Ra7 Rxb5 52. Rxa4 Rb3+ 53. f3 Rb2 54. Rf4 Rb1 55. Re4 Rh1 56. Re2 Rg1+ 57. Kf4 Rh1 58. Kg3 Rg1+ 59. Kh2 Rb1 60. Kg2 Rb3 61. Rf2 Rb4 62. Kg3 f6 63. Rd2 fxg5 64. hxg5 Rb5 65. Rd7+ Kf8 66. Kf4 Rf5+ 67. Ke4 Rxg5 68. f4 Ra5 69. Rb7 h4 70. Rh7 Rh5 71. Rxh5 gxh5 72. Kf3 Kf7 73. Kg2 Kf6 74. Kh3 Kf5 75. Kxh4 Kxf4 76. Kxh5 1/2-1/2

[Event "Titled Tuesday intern op 28th Dec"]
[Site "Chess.com INT"]
[Date "2021.12.28"]
[Round "5"]
[White "Pershina, Elena"]
[Black "Guz, Ari"]
[Result "0-1"]
[WhiteElo "2114"]
[BlackElo "2310"]
[PlyCount "90"]
[EventDate "2021.12.28"]
[EventType "swiss (blitz)"]
[EventRounds "11"]
[EventCountry "USA"]
[SourceTitle "CBM 206 Extra"]
[Source "ChessBase"]
[SourceDate "2022.03.31"]
[SourceVersion "1"]
[SourceVersionDate "2022.03.31"]
[SourceQuality "1"]

1. e4 c5 2. c3 e6 3. d4 b6 4. Nf3 Bb7 5. Bd3 d6 6. O-O Nd7 7. Qe2 Ngf6 8. h3 Be7 9. Nbd2 O-O 10. e5 Nd5 11. dxc5 Nxc5 12. Bc2 Nf4 13. Qe3 Ng6 14. exd6 Bxd6 15. g3 Qc7 16. Kh2 Rad8 17. b4 Nd7 18. Bb2 Nf6 19. Bxg6 hxg6 20. Rac1 b5 21. Rfd1 Nd5 22. Qe2 a6 23. a3 Nb6 24. c4 bxc4 25. Rc3 Bd5 26. Ne4 Na4 27. Rc2 Nxb2 28. Rxb2 Be7 29. Rc2 Qb7 30. Nfd2 Rc8 31. Rdc1 Rfd8 32. f3 a5 33. bxa5 Bxa3 34. Rb1 Qa7 35. Nxc4 Be7 36. Ned2 Qd4 37. Ne3 Rxc2 38. Nxc2 Qa4 39. Ne3 Qxa5 40. Nxd5 Qxd5 41. Ne4 Bd6 42. Rd1 Bxg3+ 43. Kxg3 Qxd1 44. Qb5 Qd5 45. Qb6 f5 0-1

[Event "Titled Tuesday intern op 28th Dec"]
[Site "Chess.com INT"]
[Date "2021.12.28"]
[Round "5"]
[White "Poormosavi, Seyed Kian"]
[Black "Degtiarev, Evgeny"]
[Result "0-1"]
[WhiteElo "2301"]
[BlackElo "2380"]
[PlyCount "66"]
[EventDate "2021.12.28"]
[EventType "swiss (blitz)"]
[EventRounds "11"]
[EventCountry "USA"]
[SourceTitle "CBM 206 Extra"]
[Source "ChessBase"]
[SourceDate "2022.03.31"]
[SourceVersion "1"]
[SourceVersionDate "2022.03.31"]
[SourceQuality "1"]

1. e4 e5 2. Nf3 Nc6 3. c3 Nf6 4. d4 exd4 5. e5 Nd5 6. Bc4 Nb6 7. Bb3 d6 8. exd6 Qxd6 9. cxd4 Be7 10. O-O Be6 11. Bxe6 fxe6 12. Re1 O-O-O 13. Nc3 Nxd4 14. Nxd4 Qxd4 15. Qxd4 Rxd4 16. Rxe6 Bf6 17. Be3 Rd3 18. Rc1 Rhd8 19. g3 Nc4 20. Nb5 Rd1+ 21. Rxd1 Rxd1+ 22. Kg2 Nxe3+ 23. Rxe3 Bxb2 24. Re7 c6 25. Nxa7+ Kb8 26. Nxc6+ bxc6 27. h4 Bf6 28. Rf7 c5 29. h5 h6 30. g4 c4 31. f4 c3 32. g5 c2 33. gxf6 gxf6 0-1

[Event "Titled Tuesday intern op 28th Dec"]
[Site "Chess.com INT"]
[Date "2021.12.28"]
[Round "5"]
[White "Priasmoro, Novendra"]
[Black "Bilan, Danila"]
[Result "1-0"]
[WhiteElo "2502"]
[BlackElo "2303"]
[PlyCount "55"]
[EventDate "2021.12.28"]
[EventType "swiss (blitz)"]
[EventRounds "11"]
[EventCountry "USA"]
[SourceTitle "CBM 206 Extra"]
[Source "ChessBase"]
[SourceDate "2022.03.31"]
[SourceVersion "1"]
[SourceVersionDate "2022.03.31"]
[SourceQuality "1"]

1. e4 c6 2. d4 d5 3. Nd2 dxe4 4. Nxe4 Bf5 5. Ng3 Bg6 6. h4 h6 7. Nf3 Nd7 8. h5 Bh7 9. Bd3 Bxd3 10. Qxd3 Qc7 11. Bd2 e6 12. O-O-O Bd6 13. Ne4 Ngf6 14. Kb1 O-O-O 15. Nxd6+ Qxd6 16. c4 e5 17. c5 Nxc5 18. Qa3 exd4 19. Bb4 Nfe4 20. Rxd4 Qe7 21. Qxa7 Rxd4 22. Nxd4 Nd2+ 23. Bxd2 Qe4+ 24. Nc2 Na6 25. Re1 Qf5 26. Re7 Qb5 27. Bf4 Qf1+ 28. Re1 1-0

[Event "Titled Tuesday intern op 28th Dec"]
[Site "Chess.com INT"]
[Date "2021.12.28"]
[Round "5"]
[White "Prilleltensky, Matan"]
[Black "Quirke, Jeffrey"]
[Result "1/2-1/2"]
[WhiteElo "2166"]
[BlackElo "2086"]
[PlyCount "161"]
[EventDate "2021.12.28"]
[EventType "swiss (blitz)"]
[EventRounds "11"]
[EventCountry "USA"]
[SourceTitle "CBM 206 Extra"]
[Source "ChessBase"]
[SourceDate "2022.03.31"]
[SourceVersion "1"]
[SourceVersionDate "2022.03.31"]
[SourceQuality "1"]

1. d4 d5 2. Bf4 Nf6 3. e3 e6 4. Nd2 c5 5. c3 Nc6 6. Ngf3 Nh5 7. Bg5 f6 8. Bh4 g6 9. Bd3 cxd4 10. exd4 Be7 11. O-O O-O 12. Qc2 Bd7 13. Rfe1 Qe8 14. Rad1 Qf7 15. a3 g5 16. Bg3 Nxg3 17. hxg3 Bd6 18. c4 Rac8 19. c5 Bb8 20. b4 a6 21. Nb3 g4 22. Nh4 f5 23. Qd2 Qg7 24. Re2 Nxd4 25. Nxd4 Qxd4 26. Qh6 Qg7 27. Rxe6 Bxe6 28. Qxe6+ Qf7 29. Qh6 f4 30. Bf5 Rce8 31. gxf4 Qg7 32. Qxg7+ Kxg7 33. g3 h5 34. Bd3 a5 35. Nf5+ Kf6 36. Kg2 axb4 37. axb4 Bc7 38. Ne3 Rd8 39. Bc2 d4 40. Nc4 Rfe8 41. Bd3 Ra8 42. Nd2 Ra2 43. Ne4+ Kg7 44. f5 h4 45. f6+ Kf8 46. gxh4 g3 47. h5 Rxe4 48. Bxe4 Rxf2+ 49. Kg1 Rxf6 50. Rf1 Rxf1+ 51. Kxf1 b6 52. cxb6 Bxb6 53. Kg2 Kg7 54. Kxg3 Kh6 55. Kg4 Bc7 56. Bd3 Bb6 57. b5 Bc5 58. Be2 Bb6 59. Kf5 Bc5 60. Ke4 Bb6 61. Kd3 Bc5 62. Kc4 Bb6 63. Kd5 Ba7 64. Kc6 Bb8 65. b6 Bg3 66. b7 Bh2 67. Kd7 Bg3 68. Kc8 Bh2 69. b8=Q Bxb8 70. Kxb8 Kh7 71. Kc7 Kh8 72. Kd6 Kg8 73. Ke6 Kh8 74. Kf6 Kg8 75. Kg6 Kh8 76. Bd3 Kg8 77. h6 Kh8 78. Bc4 d3 79. Bxd3 Kg8 80. Be4 Kh8 81. h7 1/2-1/2

[Event "Titled Tuesday intern op 28th Dec"]
[Site "Chess.com INT"]
[Date "2021.12.28"]
[Round "5"]
[White "Prithu, Gupta"]
[Black "Kubatko, Ivan"]
[Result "1-0"]
[WhiteElo "2444"]
[BlackElo "2257"]
[PlyCount "116"]
[EventDate "2021.12.28"]
[EventType "swiss (blitz)"]
[EventRounds "11"]
[EventCountry "USA"]
[SourceTitle "CBM 206 Extra"]
[Source "ChessBase"]
[SourceDate "2022.03.31"]
[SourceVersion "1"]
[SourceVersionDate "2022.03.31"]
[SourceQuality "1"]

1. d4 d5 2. c4 e6 3. Nf3 c5 4. cxd5 exd5 5. Nc3 Nc6 6. e3 Nf6 7. Be2 cxd4 8. exd4 Bd6 9. O-O h6 10. h3 O-O 11. Be3 a6 12. a3 Ne7 13. Qd2 Ng6 14. Bd3 Be6 15. Bxg6 fxg6 16. Rfe1 Bf5 17. Ne5 g5 18. f3 Re8 19. Bf2 Rc8 20. g4 Bh7 21. h4 gxh4 22. Bxh4 Be7 23. Bg3 Bf8 24. Re2 Rc7 25. Rae1 b5 26. Na2 Rc4 27. Nb4 Qc8 28. Nxc4 Rxe2 29. Rxe2 dxc4 30. d5 Bxb4 31. Qxb4 Bd3 32. Re5 Qd7 33. Qe7 Qxe7 34. Rxe7 Nxd5 35. Rd7 Ne3 36. Rd8+ Kf7 37. Kf2 Nd1+ 38. Ke1 Nxb2 39. Kd2 Na4 40. Ra8 Nc5 41. Ra7+ Kf6 42. Bf2 Nb3+ 43. Kc3 g5 44. Bd4+ Ke6 45. Bg7 a5 46. Bxh6 Kd5 47. Bxg5 Kc5 48. Be3+ Kd5 49. f4 Be2 50. g5 Ke4 51. Bb6 a4 52. g6 Bh5 53. g7 Nc1 54. g8=Q Ne2+ 55. Kb4 Kf3 56. Qd5+ Kg4 57. Qg5+ Kf3 58. Qxh5+ Kg2 1-0

[Event "Titled Tuesday intern op 28th Dec"]
[Site "Chess.com INT"]
[Date "2021.12.28"]
[Round "5"]
[White "Ramirez, Vido Robert"]
[Black "Desideri, Ricardo Maruchi"]
[Result "1-0"]
[WhiteElo "2104"]
[BlackElo "1939"]
[PlyCount "83"]
[EventDate "2021.12.28"]
[EventType "swiss (blitz)"]
[EventRounds "11"]
[EventCountry "USA"]
[SourceTitle "CBM 206 Extra"]
[Source "ChessBase"]
[SourceDate "2022.03.31"]
[SourceVersion "1"]
[SourceVersionDate "2022.03.31"]
[SourceQuality "1"]

1. Nf3 c5 2. g3 b6 3. Bg2 Bb7 4. O-O e6 5. d3 Nf6 6. e4 Qc7 7. Re1 Be7 8. Nc3 d5 9. exd5 exd5 10. Bf4 Qd7 11. Ne5 Qd8 12. Nb5 Na6 13. Nd6+ Qxd6 14. Ng6 Qd7 15. Rxe7+ Qxe7 16. Nxe7 Kxe7 17. Qe2+ Kd8 18. Qe5 Re8 19. Qd6+ Nd7 20. Bxd5 Bxd5 21. Qxd5 Nc7 22. Bxc7+ Kxc7 23. Qxf7 Kd6 24. Qxg7 Re7 25. Qh6+ Kc7 26. Qf4+ Re5 27. Re1 Rae8 28. Rxe5 Rxe5 29. c3 Kb7 30. d4 Re7 31. Qf3+ Kc7 32. d5 Re5 33. c4 Kd6 34. Qf4 h5 35. h3 a6 36. g4 hxg4 37. hxg4 b5 38. b3 bxc4 39. bxc4 Ke7 40. g5 Re1+ 41. Kg2 Ne5 42. Qf6+ 1-0

[Event "Titled Tuesday intern op 28th Dec"]
[Site "Chess.com INT"]
[Date "2021.12.28"]
[Round "5"]
[White "Ronka, Erik"]
[Black "Hasman, Cengiz"]
[Result "1-0"]
[WhiteElo "2345"]
[BlackElo "2101"]
[PlyCount "63"]
[EventDate "2021.12.28"]
[EventType "swiss (blitz)"]
[EventRounds "11"]
[EventCountry "USA"]
[SourceTitle "CBM 206 Extra"]
[Source "ChessBase"]
[SourceDate "2022.03.31"]
[SourceVersion "1"]
[SourceVersionDate "2022.03.31"]
[SourceQuality "1"]

1. d4 d6 2. Nf3 Nf6 3. g3 g6 4. Bg2 Bg7 5. O-O O-O 6. b3 Nc6 7. Bb2 Bf5 8. c4 a5 9. d5 Nb4 10. Nc3 Ne4 11. Qc1 Nxc3 12. Bxc3 Bxc3 13. Qxc3 Be4 14. a3 Na6 15. Qxa5 Bxf3 16. Bxf3 c5 17. Qc3 Qc7 18. Rfc1 Rfb8 19. b4 b5 20. cxb5 Rxb5 21. e3 Rc8 22. Be2 Rb6 23. b5 Nb8 24. a4 Nd7 25. a5 Rbb8 26. b6 Qb7 27. Rcb1 Qxd5 28. Bc4 Qe4 29. Bd3 Qc6 30. Bb5 Qb7 31. a6 Qf3 32. Bxd7 1-0

[Event "Titled Tuesday intern op 28th Dec"]
[Site "Chess.com INT"]
[Date "2021.12.28"]
[Round "5"]
[White "Rostovtsev, Dmitry"]
[Black "Rustemov, Alexander"]
[Result "1-0"]
[WhiteElo "2188"]
[BlackElo "2525"]
[PlyCount "89"]
[EventDate "2021.12.28"]
[EventType "swiss (blitz)"]
[EventRounds "11"]
[EventCountry "USA"]
[SourceTitle "CBM 206 Extra"]
[Source "ChessBase"]
[SourceDate "2022.03.31"]
[SourceVersion "1"]
[SourceVersionDate "2022.03.31"]
[SourceQuality "1"]

1. d4 d5 2. c4 dxc4 3. e3 e6 4. Bxc4 c5 5. Nf3 a6 6. a4 Nf6 7. O-O Nc6 8. Nc3 Be7 9. Ne5 cxd4 10. Nxc6 bxc6 11. exd4 a5 12. Qf3 Nd5 13. Qg3 Bf6 14. Ne4 Bxd4 15. Bg5 Qb6 16. Rad1 O-O 17. Rxd4 Qxd4 18. Bxd5 exd5 19. Bf6 Qxf6 20. Nxf6+ Kh8 21. Nh5 Rg8 22. Re1 Be6 23. h4 Rab8 24. Re2 Rb4 25. Nf4 Bf5 26. h5 h6 27. Re5 Be4 28. Re7 Rf8 29. Qc3 Rxa4 30. Qxc6 Rb4 31. Ra7 Rxb2 32. Qd6 Kg8 33. Rxa5 Rd2 34. Rc5 Rd1+ 35. Kh2 d4 36. Rc7 d3 37. Rd7 d2 38. Qb4 Rb1 39. Qxd2 Rb5 40. Qe3 Bf5 41. Re7 Bg4 42. Re8 Bxh5 43. Rxf8+ Kxf8 44. f3 Bg6 45. Qa3+ 1-0

[Event "Titled Tuesday intern op 28th Dec"]
[Site "Chess.com INT"]
[Date "2021.12.28"]
[Round "5"]
[White "Rudykh, Stepan"]
[Black "Mirza, Diana"]
[Result "1-0"]
[WhiteElo "2218"]
[BlackElo "1898"]
[PlyCount "59"]
[EventDate "2021.12.28"]
[EventType "swiss (blitz)"]
[EventRounds "11"]
[EventCountry "USA"]
[SourceTitle "CBM 206 Extra"]
[Source "ChessBase"]
[SourceDate "2022.03.31"]
[SourceVersion "1"]
[SourceVersionDate "2022.03.31"]
[SourceQuality "1"]

1. e4 c5 2. Nf3 e6 3. d4 cxd4 4. Nxd4 a6 5. Bd3 Qc7 6. Qe2 Nf6 7. O-O Be7 8. f4 O-O 9. Kh1 b5 10. Nd2 Bb7 11. e5 Nd5 12. Ne4 f5 13. exf6 Nxf6 14. c3 Nc6 15. Be3 Na5 16. Ng5 h6 17. Ngf3 Nc4 18. Ne5 Nd5 19. Bc1 Nxf4 20. Bxf4 Rxf4 21. Rxf4 Nxe5 22. Be4 d5 23. Bc2 Nc4 24. Nxe6 Qd6 25. Raf1 Bf6 26. Rg4 Kh8 27. Rxf6 gxf6 28. Rg7 Re8 29. Rh7+ Kg8 30. Qg4# 1-0

[Event "Titled Tuesday intern op 28th Dec"]
[Site "Chess.com INT"]
[Date "2021.12.28"]
[Round "5"]
[White "Rytenko, Vsevolod"]
[Black "Kalajzic, Ivan"]
[Result "0-1"]
[WhiteElo "2362"]
[BlackElo "2108"]
[PlyCount "86"]
[EventDate "2021.12.28"]
[EventType "swiss (blitz)"]
[EventRounds "11"]
[EventCountry "USA"]
[SourceTitle "CBM 206 Extra"]
[Source "ChessBase"]
[SourceDate "2022.03.31"]
[SourceVersion "1"]
[SourceVersionDate "2022.03.31"]
[SourceQuality "1"]

1. d4 d5 2. Nc3 Nf6 3. Bg5 Bf5 4. Bxf6 exf6 5. e3 c6 6. Bd3 Bg6 7. Nf3 Nd7 8. Ne2 Bd6 9. O-O O-O 10. c4 Rc8 11. Rc1 Re8 12. Ng3 dxc4 13. Rxc4 Nb6 14. Rc2 Nd5 15. a3 a6 16. Nf5 Bxf5 17. Bxf5 g6 18. Bxc8 Qxc8 19. b4 f5 20. Qd3 Kg7 21. Rfc1 Re7 22. g3 Qe8 23. Nd2 h5 24. h4 Bxg3 25. Nf3 Bd6 26. Re1 Re4 27. Rce2 Nf6 28. Ng5 Rxh4 29. f4 Rg4+ 30. Rg2 Be7 31. Qc4 Nd5 32. Nf3 Bf6 33. Ne5 Bxe5 34. dxe5 Qe7 35. Ree2 Qh4 36. Qd4 Rxg2+ 37. Kxg2 Qg4+ 38. Kf2 Qh4+ 39. Kg2 Kg8 40. a4 Qg4+ 41. Kf2 h4 42. Ke1 h3 43. Qd2 Qg1# 0-1

[Event "Titled Tuesday intern op 28th Dec"]
[Site "Chess.com INT"]
[Date "2021.12.28"]
[Round "5"]
[White "Sailer, Mike L"]
[Black "Zhuravleva, Olga"]
[Result "1-0"]
[WhiteElo "2109"]
[BlackElo "2278"]
[PlyCount "57"]
[EventDate "2021.12.28"]
[EventType "swiss (blitz)"]
[EventRounds "11"]
[EventCountry "USA"]
[SourceTitle "CBM 206 Extra"]
[Source "ChessBase"]
[SourceDate "2022.03.31"]
[SourceVersion "1"]
[SourceVersionDate "2022.03.31"]
[SourceQuality "1"]

1. d4 Nf6 2. Nf3 e6 3. Bf4 b6 4. e3 Bb7 5. Be2 Be7 6. O-O O-O 7. c4 d6 8. Nc3 Nbd7 9. h3 Re8 10. a4 Bf8 11. a5 bxa5 12. Rxa5 c5 13. Qa1 cxd4 14. exd4 a6 15. Qa2 h6 16. Ra1 Qc8 17. Nd2 e5 18. Be3 exd4 19. Bxd4 Ne5 20. Bf1 Nh5 21. Nd5 Nc6 22. Nb6 Qd8 23. Nxa8 Nf4 24. Be3 Nxa5 25. Qxa5 Qf6 26. Bxf4 Qxf4 27. Nc7 Re5 28. Nd5 Qxd2 29. Qxd2 1-0

[Event "Titled Tuesday intern op 28th Dec"]
[Site "Chess.com INT"]
[Date "2021.12.28"]
[Round "5"]
[White "Sarkar, Justin"]
[Black "Winkels, Marcel"]
[Result "1-0"]
[WhiteElo "2321"]
[BlackElo "1979"]
[PlyCount "129"]
[EventDate "2021.12.28"]
[EventType "swiss (blitz)"]
[EventRounds "11"]
[EventCountry "USA"]
[SourceTitle "CBM 206 Extra"]
[Source "ChessBase"]
[SourceDate "2022.03.31"]
[SourceVersion "1"]
[SourceVersionDate "2022.03.31"]
[SourceQuality "1"]

1. Nf3 Nf6 2. c4 g6 3. Nc3 Bg7 4. e4 d6 5. Be2 c5 6. d4 cxd4 7. Nxd4 O-O 8. O-O Nc6 9. Be3 Nxd4 10. Bxd4 Nd7 11. Rc1 a5 12. Be3 a4 13. Nxa4 Qa5 14. b3 Nc5 15. Nxc5 dxc5 16. a4 Be6 17. Qc2 Rfd8 18. Rcd1 Qb6 19. f4 Bd4 20. Bxd4 cxd4 21. Bd3 f6 22. f5 Bf7 23. Kh1 Kg7 24. Rb1 Qb4 25. e5 Qc3 26. exf6+ exf6 27. fxg6 Qxc2 28. Bxc2 hxg6 29. Rfd1 Rd6 30. Rd2 Re8 31. Kg1 f5 32. Kf2 Kf6 33. Rbd1 Red8 34. a5 R6d7 35. Bd3 Rd6 36. b4 Rc8 37. c5 Re6 38. Bc4 Re3 39. Bxf7 Kxf7 40. Rxd4 Rb3 41. Rd7+ Kf6 42. R1d6+ Kg5 43. Rxb7 Rb2+ 44. Ke3 Re8+ 45. Kd3 Re4 46. a6 Rb3+ 47. Kc2 Ra3 48. Kb2 Ree3 49. a7 Reb3+ 50. Kc2 Re3 51. Kd2 Reb3 52. Ke2 Ra2+ 53. Rd2 Ra1 54. b5 Kf4 55. b6 Re3+ 56. Kf2 Rea3 57. g3+ Kg4 58. Rb8 Rf3+ 59. Ke2 Rfa3 60. a8=Q Rxa8 61. Rxa8 Rxa8 62. b7 Re8+ 63. Kf2 f4 64. c6 f3 65. c7 1-0

[Event "Titled Tuesday intern op 28th Dec"]
[Site "Chess.com INT"]
[Date "2021.12.28"]
[Round "5"]
[White "Shymanskyi, Oleksandr"]
[Black "Mickiewicz, Piotr"]
[Result "0-1"]
[WhiteElo "2296"]
[BlackElo "2294"]
[PlyCount "66"]
[EventDate "2021.12.28"]
[EventType "swiss (blitz)"]
[EventRounds "11"]
[EventCountry "USA"]
[SourceTitle "CBM 206 Extra"]
[Source "ChessBase"]
[SourceDate "2022.03.31"]
[SourceVersion "1"]
[SourceVersionDate "2022.03.31"]
[SourceQuality "1"]

1. b3 d5 2. Bb2 Bf5 3. e3 e6 4. f4 Nf6 5. Nf3 Be7 6. h3 h6 7. g4 Ne4 8. Rg1 Bh4+ 9. Ke2 Bh7 10. Nxh4 Qxh4 11. Qe1 Qxe1+ 12. Kxe1 f6 13. d3 Nd6 14. Nd2 c5 15. Ke2 Nc6 16. Bg2 O-O-O 17. a4 Rhe8 18. Rae1 Nb4 19. Kd1 c4 20. Ba3 a5 21. Bxb4 axb4 22. d4 b5 23. axb5 c3 24. Nf3 Kc7 25. Bf1 Ra8 26. Ke2 Bxc2 27. Kf2 Bxb3 28. Bd3 Ra2+ 29. Re2 Rea8 30. Rge1 Bc4 31. Rxa2 Rxa2+ 32. Re2 b3 33. Bxc4 dxc4 0-1

[Event "Titled Tuesday intern op 28th Dec"]
[Site "Chess.com INT"]
[Date "2021.12.28"]
[Round "5"]
[White "Skliarov, Viktor"]
[Black "Khripachenko, Alexander"]
[Result "1-0"]
[WhiteElo "2387"]
[BlackElo "2288"]
[PlyCount "103"]
[EventDate "2021.12.28"]
[EventType "swiss (blitz)"]
[EventRounds "11"]
[EventCountry "USA"]
[SourceTitle "CBM 206 Extra"]
[Source "ChessBase"]
[SourceDate "2022.03.31"]
[SourceVersion "1"]
[SourceVersionDate "2022.03.31"]
[SourceQuality "1"]

1. e4 c5 2. Nf3 d6 3. d4 cxd4 4. Qxd4 a6 5. Be3 Nc6 6. Qd2 Nf6 7. Nc3 e6 8. O-O-O h6 9. Bf4 e5 10. Be3 Be7 11. Nd5 Nxe4 12. Qe1 Nc5 13. Bxc5 dxc5 14. Nf6+ Bxf6 15. Rxd8+ Nxd8 16. Nxe5 O-O 17. Bc4 Re8 18. f4 Be6 19. Bxe6 Nxe6 20. g3 Nd4 21. Qe4 Re7 22. Qd5 Bxe5 23. fxe5 Ne6 24. Rd1 Rd8 25. Qh1 Red7 26. Rxd7 Rxd7 27. c3 Kf8 28. Kc2 Ke7 29. Qe4 Ng5 30. Qf5 Ne6 31. h4 Rc7 32. g4 Rd7 33. g5 hxg5 34. hxg5 Nf8 35. Qf2 Rc7 36. a4 Rc8 37. a5 Rc7 38. Qh2 Ne6 39. Qg1 Nf8 40. Qh1 Ne6 41. Qh7 Rc8 42. g6 fxg6 43. Qxg6 Rf8 44. Qg2 Rb8 45. Qd5 Rd8 46. Qxb7+ Rd7 47. Qxa6 g5 48. Qe2 Rd8 49. Qe4 Rg8 50. a6 g4 51. a7 Nc7 52. Qc6 1-0

[Event "Titled Tuesday intern op 28th Dec"]
[Site "Chess.com INT"]
[Date "2021.12.28"]
[Round "5"]
[White "Sliwicki, Damian"]
[Black "Punin, Andrii"]
[Result "0-1"]
[WhiteElo "2168"]
[BlackElo "2289"]
[PlyCount "60"]
[EventDate "2021.12.28"]
[EventType "swiss (blitz)"]
[EventRounds "11"]
[EventCountry "USA"]
[SourceTitle "CBM 206 Extra"]
[Source "ChessBase"]
[SourceDate "2022.03.31"]
[SourceVersion "1"]
[SourceVersionDate "2022.03.31"]
[SourceQuality "1"]

1. e4 c6 2. Nf3 d5 3. Nc3 dxe4 4. Nxe4 Nf6 5. Qe2 Nxe4 6. Qxe4 Qa5 7. Bc4 Bf5 8. Qf4 e6 9. O-O Be7 10. Nd4 Bg6 11. Bxe6 fxe6 12. Nxe6 Kd7 13. Re1 Na6 14. b4 Qf5 15. Qd4+ Qd5 16. Qxg7 Rhg8 17. Nf8+ Raxf8 18. Qxe7+ Kc8 19. Bb2 Re8 20. Qh4 Be4 21. g3 Qf5 22. Re3 Bd5 23. Rae1 Nc7 24. c4 Bf3 25. Be5 Ne6 26. Bd6 Rg4 27. Qh6 Rg6 28. Qh4 Kd7 29. c5 h5 30. Re5 Qg4 0-1

[Event "Titled Tuesday intern op 28th Dec"]
[Site "Chess.com INT"]
[Date "2021.12.28"]
[Round "5"]
[White "Sluka, Radek"]
[Black "Golizadeh, Asghar"]
[Result "0-1"]
[WhiteElo "2330"]
[BlackElo "2455"]
[PlyCount "112"]
[EventDate "2021.12.28"]
[EventType "swiss (blitz)"]
[EventRounds "11"]
[EventCountry "USA"]
[SourceTitle "CBM 206 Extra"]
[Source "ChessBase"]
[SourceDate "2022.03.31"]
[SourceVersion "1"]
[SourceVersionDate "2022.03.31"]
[SourceQuality "1"]

1. e4 c5 2. Nc3 d6 3. f4 g6 4. Nf3 Bg7 5. Bc4 e6 6. d3 Nc6 7. f5 Nf6 8. O-O O-O 9. a3 d5 10. Ba2 dxe4 11. dxe4 Qxd1 12. Rxd1 exf5 13. e5 Ne4 14. Nd5 Nxe5 15. Bf4 Nc6 16. c3 Be6 17. Nc7 Bxa2 18. Rxa2 Rad8 19. Re1 a6 20. Raa1 Rd7 21. Rad1 Rfd8 22. Rxd7 Rxd7 23. Na8 Rd3 24. Nb6 h6 25. h4 f6 26. Bc1 Bf8 27. h5 g5 28. Nc4 b5 29. Ne3 f4 30. Nf5 c4 31. Rxe4 Bc5+ 32. Kh2 g4 33. Ne1 Rd1 34. Bxf4 Ne5 35. Bxe5 fxe5 36. Nxh6+ Kh7 37. Nxg4 Rd2 38. Nf3 Rxb2 39. Ng5+ Kg8 40. Rxe5 Bd6 41. Nf6+ Kf8 42. Ngh7+ Kf7 43. Nd7 Re2 44. Ng5+ Kg8 45. Nf3 Bxe5+ 46. Ndxe5 Rc2 47. Kh3 Rxc3 48. g4 Rxa3 49. g5 c3 50. Kg4 c2 51. g6 c1=Q 52. Kf5 Rxf3+ 53. Nxf3 Qc5+ 54. Kf6 Qf2 55. h6 Qxf3+ 56. Ke7 Qf8+ 0-1